| 000 | 00747cam a2200205 4500 | ||
|---|---|---|---|
| 008 | 090401t1997 xxu||||| |||| 00| 0 eng d | ||
| 020 | _a0070674191 | ||
| 035 | _a(Sirsi) u82293 | ||
| 041 | 0 | _aeng | |
| 050 | 0 | 4 | _a526.902462 |
| 100 | 1 | _aVernon, Robert C. | |
| 245 | 0 | 0 | _aProfessional surveyor's manual |
| 260 |
_aNew York _aLondon _bMcGraw Hill _c1997 |
||
| 300 | _ax,308p. : ill.,maps ; 23cm. | ||
| 350 | _a34.95 | ||
| 520 | _aAn American guide to surveying methods and field calculations with emphasis on road and bridge construction. Includes detailed calculations and practical tehniques for surveying curves and spirals. | ||
| 690 | _aENVIRONMENTAL AND LAND CONSULTANCY-GEOMATICS-LAND SURVEYING | ||
| 942 | _n0 | ||
| 948 | _c24/11/1997 | ||
| 999 |
_c96776 _d96776 |
||